000 00744 a2200229 4500
001 40972
005 20260407155703.0
008 260407a2000 arg spa d
003 AR-UNSa-BCEJYS
040 _aAR-UNSa-BCEJYS
_bspa
_cAR-UNSa-BCEJYS
080 _a(038)336.71=111
_xDiccionario Bancario en Inglés
245 1 0 _aEnglish-spanish banking dictionary
_pdiccionario bancario español-inglés
020 _a84-283-2673-8
250 _a8a. ed.
264 1 _aMadrid :
_bParaninfo
_c2000
300 _a735 p.
_c24 cm.
041 _aspa
942 _cBK
590 _aniveau_biblio:m niveau_hierar:0
100 1 _aGil Esteban, Rafael
856 4 1 _uhttps://biblioeco.unsa.edu.ar/pmb/images/libros/L126326.jpg
_yImagen de portada
_qimage/jpeg
999 _c3325
_d3325